[Event "Turnier 40 / 120"]
[Site "Wien"]
[Date "2023.10.05"]
[Round "1"]
[White "Novag Star Diamond – 25 MHZ"]
[Black "Mephisto Magellan – 20 MHZ"]
[Result "0-1"]
[BlackElo "2233"]
[WhiteElo "2161"]

{Analyse -----> Stockfish 16} 1. d4 Nf6 2. c4 e6 3. Nf3 b6 4. a3 d5 5. cxd5
exd5 6. Nc3 Be7 7. g3 O-O 8. Bg2 {Buchende} Nbd7 {Buchende} 9. Ne5
{Buchbewertung Novag Star Diamond: +1,15 / ist aber viel zu optimistisch
lt. Stockfish steht Weiss nur minimal besser mit ca. +0,20} Bb7
{Buchbewertung Mephisto Magellan: +0,1} 10. Qa4 Nxe5 11. dxe5 Ne8 12. O-O
c6 13. Rd1 b5 {weniger gut, besser ist Sc7, Stockfish -0,70} 14. Qg4
{besser ist Dc2 nach dem Textzug ist die Stellung im Lot} a5 15. b3 b4 16.
axb4 axb4 17. Na4 c5 18. Bf4 Bc8 19. Qf3 Be6 20. Qd3 {weniger gut, besser
ist Txd5 (aber gut das ist natürlich eine harte Nuss für einen Oldie),
Stockfish -0,80} Nc7 21. Nb6? {ein schwacher Zug, danach steht Schwarz
bereits klar besser, Stockfish -1,40, deutlich besser ist Le3} Rxa1 22.
Rxa1 g5! {richtig, stark gespielt} 23. Bc1?? {ein Verlustzug, Stockfish
-2,70, deutlich mehr Widerstand leistet Le3 mit ca. -1,40} Qb8 24. Na4 c4
25. bxc4 dxc4 26. Qe4 c3 27. Be3? {mehr Widerstand leistet noch h4,
Stockfish -4,50} Bd5 28. Qf5 Bxg2 {besser ist Dc8, aber auch der Textzug
gewinnt klar, Stockfish +4,00} 29. Kxg2 Qa8+ 30. f3 Ne6 31. h4 gxh4 32.
gxh4 Qa6 33. Kf1 Rb8 34. Qg4+ Kh8 35. Bg5 Bxg5 36. hxg5 c2 37. Qh4 Qc6 38.
Rc1 Qxa4 39. g6 fxg6 40. Qc4 Qa3 41. Qxc2 Qe3 42. Qb2 Rd8 43. Re1 b3 44.
Qa3 Qg5 45. Qa6 Qxe5 46. Qc4 b2 47. Rb1 {Stockfish Matt in 25} Rd2 48. Re1
Nd4 49. Qb4 Qf4 50. Qc5 {Novag Star Diamond: -7,50 ----> aufgegeben /
Stockfish Matt in 9} 0-1
[/pgn]
[pgn]

[Event "Turnier 40 / 120"]
[Site "Wien"]
[Date "2023.02.21"]
[Round "2"]
[White "Mephisto Magellan – 20 MHZ"]
[Black "Novag Star Diamond – 25 MHZ"]
[Result "0-1"]
[BlackElo "2161"]
[WhiteElo "2233"]

{Analyse ---> Stockfish 16} 1. e4 c6 2. c4 d5 3. cxd5 cxd5 4. exd5 Nf6 5.
Nc3 Nxd5 6. d4 e6 7. Nf3 Be7 8. Bb5+ Bd7 9. Bxd7+ Qxd7 10. Ne5 Nxc3 11.
bxc3 {Buchende} Qd5 12. O-O {Buchbewertung Mephisto Magellan: -0,1} Nc6
{Buchende} 13. Re1 Nxe5 {Buchbewertung Novag Star Diamond: 0,00 / Stockfish
16 sieht es ebenso} 14. Rxe5 Qc6 15. Rb1 O-O 16. Qd3 Rac8 17. Rh5 h6 18.
Bxh6 Qxc3 19. Qxc3 Rxc3 20. Be3 Rfc8 21. Rhb5 b6 22. d5 exd5 23. Rxd5 Bc5
24. Bxc5 R3xc5 25. Rxc5 Rxc5 26. Kf1 Kf8 27. Rb2 Rc1+ 28. Ke2 Ke7 29. Ke3
Rg1 30. g3 Ke6 31. Rc2 Re1+ 32. Kf4 Kd7 33. Kf5 b5 34. h3 b4 35. f3 a5 36.
Rc5??? {ein absoluter Verlustzug, danach ist die Partie sofort verloren,
Stockfish -4,20, einfach h4 oder g4 und es ist Remis} Ra1??? {verpasst den
sofortigen Gewinn, danach ist die Partie wieder Remis, Stockfish 0,00,
gewonnen hätte a4} 37. Rc2??? {der nächste Verlustzug, Stockfish -4,00, das
Remis gesichert hätte Txa5} a4? {bei weitem nicht die beste Fortsetzung,
reicht aber noch zum Gewinn, Stockfish +2,60, deutlich stärker ist Kd6} 38.
Rb2? {ganz schwach, deutlich mehr Widerstand leistet noch Ke5, Stockfish
-4,00} b3 {Novag Star Diamond erkennt bereits klaren Vorteil: Bewertung
+1,38} 39. axb3 {Während Magellan die Lage völlig verkennt, er sieht sich
hier sogar mit +0,3 im Vorteil ???, Stockfish -4,50} a3 40. Rd2+ Kc6 41.
Rc2+ Kb5 {Novag Star Diamond: +1,61} 42. Rc7 {Magellan steht immer noch auf
der Leitung: -0,1 ?} Rf1 {Star Diamond: +2,11} 43. Ra7 {Magellan steigt
nicht runter von der Leiter: -0,4 ?} Rxf3+ {Star Diamond: +2,46} 44. Kg4
{Magellan kapiert es einfach nicht: -0,6 ??} Rxb3 {Star Diamond: +2,76} 45.
Rb7+ {Magellan: -0,8 ?, hier könnte man die Partie natürlich bereits
beenden, der einzige Grund warum ich das noch fortsetze ist, ich will
sehen, wann endlich der Groschen fällt.} Ka4 46. Ra7+ {Magellan hat eine
Automatik eingebaut, dass er maximal 11 Minuten 49 Sekunden für eine Zug
nimmt, das reizt er hier bis zum Ende aus und nicht mal danach klingelts,
immer noch nur -1,0 ??} Kb4 {Star Diamond: +3,07} 47. Kf4 {NA ENDLICH
KLINGELTS, ist ja nicht zu glauben, Magellan -3,2, mehr wollte ich nicht
mehr wissen, Rest geschenkt} 0-1
[/pgn]
[pgn]

[Event "Turnier 40 / 120"]
[Site "Wien"]
[Date "2023.10.06"]
[Round "3"]
[White "Novag Star Diamond – 25 MHZ"]
[Black "Mephisto Magellan – 20 MHZ"]
[Result "1/2-1/2"]
[BlackElo "2233"]
[WhiteElo "2161"]

{Analyse -------> Stockfish 16} 1. d4 d5 2. c4 dxc4 3. e4 e5 4. Nf3 exd4 5.
Bxc4 Bb4+ 6. Bd2 Bxd2+ 7. Nbxd2 Nc6 8. O-O Nf6 9. e5 Ng4 10. h3 Nh6 11. Nb3
O-O 12. Nbxd4 {Buchende} Nxd4 13. Qxd4 {Buchbewertung Novag Star Diamond:
+0,61} Qe7??? {Buchende / also danach muss man die Frage nach einem
BUCHFEHLER stellen, ein grottenschlechter Zug, der eine ganze Bauerneinheit
!! einbüsst gegenüber Dxd4 !!, danach steht Weiss bereits klar besser,
Stockfish -1,30} 14. Rad1 {etwas besser ist Df4} Be6 {Buchbewertung
Mephisto Magellan: 0,0 / da ist er viel zu optimistisch, Stockfish -1,00}
15. Bxe6 {nicht optimal, zu bevorzugen ist De4, Stockfish +0,60} fxe6! {die
richtige Wahl, Star Diamond hätte den weit schwächeren Zug Dxe6
vorgeschlagen, danach wäre Weiss bereits ganz klar im Vorteil mit ca.
+1,50} 16. Qd7 Rae8 {der falsche Turm, klar zu bevorzugen ist Tfe8,
Stockfish -1,00} 17. Qxe7? {eine schlechte Wahl, der Damentausch hilft nur
Schwarz, verspielt den Grossteil des Vorteiles, Stockfish +0,30, deutlich
stärker ist Td3} Rxe7 18. Rd3 Rf5 {auch nicht das Gelbe von Ei, besser ist
Sf7, Stockfish -0,70} 19. Rd8+ {weniger gut, besser ist b4, Stockfish
+0,30} Rf8 20. Rfd1 Rxd8??? {ein Verlustzug, danach ist die Partie bereits
verloren, Stockfish -2,50, nötig ist natürlich Sf7 !!} 21. Rxd8+ Kf7 22.
Kh2 {nicht ideal aber ausreichend, Stockfish +2,00, besser ist Ta8} Kg6 23.
Kg3?? {ein ganz schlechter Zug, der 3/4 des Vorteiles verspielt, Stockfish
+0,50, nötig war g4} Kf5! {richtig} 24. h4 Kg6?? {ein Verlustzug, Stockfish
-2,00, nötig war Sf7 und Weiss steht nur knapp besser} 25. Kf4? {auch nicht
optimal, deutlich besser ist Ta8, Stockfish +1,30} Rf7+ 26. Ke4?? {ein ganz
schlechter Zug, der es Schwarz ermöglicht in der Folge seinen Randspringer
wieder ins Spiel zu bringen, damit ist jeglicher Vorteil dahin, danach ist
die Partie bereits Remis, Stockfish 0,00, aber gut der nötige Zug war für
Star Diamond nicht spielbar, da es eine Stellungswiederholung wäre und
somit 0,00 aus seiner Sicht, Stockfish 16 hätte natürlich den zuvor
gemachten Fehler korrigiert mittels Kg3 !! und Weiss steht klar besser} Ng4
27. Rd2 a5 28. b3 b6 29. Rc2 h6 30. Rd2 h5 31. Rc2 a4 32. Re2 a3 33. Rc2 c5
34. Rd2 b5 35. Re2 c4? {ein kurzsichtiger Zug, danach steht Weiss etwas
besser, was soll der Isolani auf c4 für eine Zukunft haben ?, verloren ist
es damit noch nicht aber strategisch schlecht, Stockfish -0,40, besser ist
Td7 mit Ausgleich} 36. bxc4 bxc4 37. Kd4 Rb7 38. Kxc4 {Star Diamond löst
das Isolani-Problem für seinen Gegner, danach ist die Stellung im Lot,
besser beraten wäre er mit Kc3 gewesen} Rb2 39. Nd2 Nxe5+ 40. Kc3 Nd7 41.
Rxe6+ Kf7 42. Rc6 Rxa2 43. Rc7 Ke6 44. Ra7 Nf6 45. Rxg7 Nd5+ 46. Kd3 Nf4+
47. Kc3 Ne2+ 48. Kd3 Kf6 49. Rg8 Nc1+ 50. Ke3 Rc2 51. Ne4+ Ke7 52. Rg7+ Kd8
53. Ra7 a2 54. Nd2??? {ein Verlustzug, danach ist die Partie bereits klar
verloren, Stockfish -3,00, nötig war Ta8+ und es ist Remis} Rc3+??
{Magellan verpasst den Gewinn, verschenkt postwendend den gesamten Vorteil,
gewonnen hätte Kc8, aber hier darf man nicht zu streng sein mit der Kritik,
die mögliche Gewinnvariante ist einfach zu tief und für einen Oldie
unerreichbar, nach Kc8 hätte Magellan in der Folge in ferner Zukunft den
Turm für den Bauer bekommen und hätte am Ende ein Endspiel mit Turm gegen 3
Bauern bekommen, Stockfish gewinnt das natürlich nach 30 Zügen oder so,
aber das ist einfach unmöglich für einen Oldie} 55. Ke4 Rc7 56. Ra8+ Kd7
57. g3 Rc2 58. Ke3 Rc3+ 59. Ke4 Kc7 60. Nf3? {ein Verlustzug, Stockfish
-2,30, nötig war Kf4 mit Ausgleich} Rc2? {so aber nicht, verschenkt
neuerlich postwendend den gesamten Vorteil, danach ist es wieder Remis,
gewonnen hätte Kb7} 61. Nd4 Rxf2 62. Ra6? {verliert die Partie gegen die
Fortsetzung Kb7, Stockfish -3,00, das Remis gesichert hätte Kd5} Rf6?
{dieses Endspiel überfordert einfach beide Geräte hoffnungslos, wirft
wieder den gesamten Vorteil über Bord, es ist wieder Remis} 63. Ra5? {es
geht weiter hin und her, verliert gleich wieder gegen die Fortsetzung Kb6,
das Remis gesichert hätte Ta4} Rb6? {sofort wieder verschenkt, Remis} 64.
Ke3 Rb2 65. Ra8 Kb6 66. Ra3? {man könnte schon darüber nachdenken den
Standardkommentar auf eine Taste zu speichern, anstatt ihn dauernd erneut
zu tippen, verliert gegen die Fortsetzung Kc5, Stockfish -3,30, das Remis
gesichert hätte Ke4} Rb1? {immer wieder das gleiche, sofort wieder
verschenkt, Remis} 67. Nc2 Kc5 {tja, da kann man wirklich nur sagen, warum
nicht gleich, jetzt bringt das gar nichts mehr ausser das Remis} 68. Ra8?
{und weiter geht es im gleichen Stil, verliert gegen die Fortsetzung Kc4,
das Remis gesichert hätte Kd2, Stockfish -3,00} Rb2? {wie immer sofort
wieder verschenkt, Remis} 69. Kd2 Ne2 70. Kd3 Kc6 71. Ra6+ Kc7 72. Ra7+ Kb8
73. Ra4 Kb7 74. Nb4 Nc1+ 75. Kc3 Rg2 76. Nc2 Kb6 77. Rb4+ Ka5 78. Rb8 Rxg3+
79. Kb2 Nd3+ 80. Kxa2 Rg4 81. Kb3 Rxh4 {der letzte Randbauer von Schwarz
ist nichts mehr wert, dafür könnte Weiss ja im Notfall jederzeit seinen
Springer geben, daher Userentscheid: Remis / eine Partie der vergebenen
Chancen, über das Niveau dieses Endspieles kann man nur noch den güten
Mantel des Schweigens breiten.} 1/2-1/2
[/pgn]
[pgn]

[Event "Turnier 40 / 120"]
[Site "Wien"]
[Date "2023.10.07"]
[Round "4"]
[White "Mephisto Magellan – 20 MHZ"]
[Black "Novag Star Diamond – 25 MHZ"]
[Result "0-1"]
[BlackElo "2161"]
[WhiteElo "2233"]

{Analyse ----> Stockfish 16} 1. c4 Nf6 2. d4 e6 3. Nf3 b6 4. Nc3 Bb7 5. Bg5
Be7 6. e3 h6 7. Bh4 {Buchende} c5 {Buchende} 8. Be2 {Buchbewertung Mephisto
Magellan: -0,1} d6 {Buchbewertung Novag Star Diamond: +0,26 / lt. Stockfish
steht Weiss eine Nuance besser mit ca. +0,20} 9. O-O Nbd7 10. Bxf6 Nxf6 11.
Qa4+ Qd7 12. Qxd7+ Nxd7 13. Rad1 O-O 14. dxc5 Nxc5 15. b4 Ne4 16. Nxe4 Bxe4
17. Nd4 a5 18. b5 Rac8 19. Rd2 Bf6 20. Rfd1 Rfd8 21. Bg4 {weniger gut,
besser ist Tc1 mit Ausgleich, Stockfish -0,70} Kh8 {die Grundidee ist
richtig den König von der Diagonale a2-g8 zu nehmen, damit droht Txc4,
gleich Txc4 wäre weniger günstig wegen Sxe6, das Feld ist jedoch das
falsche der König sollte nach f8, Stockfish +0,20} 22. Nxe6??? {also das
darf doch wohl nicht wahr sein, nach diesem Zug gelüstet es mich sofort den
Stecker zu ziehen, einer der idiotischsten Züge, die ich jemals gesehen
habe, danach stelle ich jede weitere Kommentierung ein, einfach nur absurd
danach ist die Partie natürlich sofort verloren, das interessiert mich
überhaupt nicht mehr hier, Stockfish -3,00} fxe6 23. Bxe6 Rb8 24. Rxd6 Rxd6
25. Rxd6 Rd8 26. Rxd8+ Bxd8 27. f3 Bd3 28. Kf2 Bh4+ 29. g3 Be7 30. Ke1 Bb1
31. c5 Bxc5 {Sorry für den Ausdruck Freunde, aber hier beende ich diesen
BULLSHIT, und sage auch gleich dazu in diesem Fall ist die Entscheidung
unwiderruflich hier nehme ich keine Einwände wie z.B. Weiss hat noch 2
Bauern für den Läufer entgegen, das reicht mir einfach hier, Userentscheid:
0-1} 0-1
[/pgn]
[pgn]

[Event "Turnier 40 / 120"]
[Site "Wien"]
[Date "2023.10.07"]
[Round "5"]
[White "Novag Star Diamond – 25 MHZ"]
[Black "Mephisto Magellan – 20 MHZ"]
[Result "0-1"]
[BlackElo "2233"]
[WhiteElo "2161"]

{Analyse ----> Stockfish 16} 1. e4 e5 2. Nf3 Nc6 3. Bb5 a6 4. Ba4 Nf6 5.
O-O Be7 6. Re1 b5 7. Bb3 d6 8. c3 O-O 9. h3 h6 10. d4 Re8 11. Nbd2 Bf8 12.
Nf1 Bb7 13. Ng3 {Buchende} Na5 14. Bc2 {Buchbewertung Novag Star Diamond:
+0,46} Nc4 15. b3 Nb6 {Buchende} 16. dxe5 dxe5 {Buchbewertung Mephisto
Magellan: +0,1 / lt. Stockfish ist die Stellung etwa gleich} 17. Qe2 c6 18.
Rd1 Qc7 19. Be3 Ba3? {ein schwacher Zug, nach 19. c5 bleibt die Stellung im
Lot, Stockfish -0,80} 20. Rab1 {nicht optimal, besser ist b4, Stockfish
+0,40} c5?? {ein Verlustzug, Stockfish -2,00, der Läufer hätte retour
sollen, nach Lf8 ist noch nichts verloren für Schwarz} 21. Bc1?? {ein
grottenschlechter Zug, der auf einen Schlag den gesamten Vorteil
verschenkt, danach ist die Stellung wieder im Lot, diesen starken
Angriffsläufer, der Druck auf die Königsstellung ausübt gegen diesen
mikrigen, eingesperrten Randläufer zu tauschen ist schon das Allerletzte
muss ich sagen, Lxh6 !! hätte hier bereits die Partie zu Gunsten von Weiss
entschieden, aber gut fairerweise muss man sagen, das ist natürlich nicht
leicht zu sehen, würde fast bezweifeln, dass irgendein anderer Oldie das
findet, aber auch Sf5 !! hätte die Partie klar gewonnen, das wäre schon
machbar gewesen} Bxc1 22. Rbxc1 Red8 23. Qe3 Rab8 24. Nf5 Nh5 25. Ne1 c4
26. Nf3 Nf4 27. Rb1 Rxd1+ 28. Rxd1 cxb3 29. axb3 f6 30. Kh2 a5? {im
wirklich allerletzten Moment verwirft Magellan den klar besseren Zug 30.Td8
!! zu Gunsten des Textzuges noch dazu bei gleicher Bewertung, zuvor hatte
er ganze 11 Minuten 30.Td8 als besten Zug und bewertet beides mit 0,0, die
Abweichung ist also nur im Hunderstel-Bereich, jedoch eine ganz schlechte
Entscheidung, danach steht Weiss bereits klar besser, Stockfish -1,00, nach
30.Td8 wäre alles im Lot gewesen} 31. g3? {ein schlechter Zug, der Weiss
keinerlei Vorteil bringt, danach ist die Stellung wieder im Lot, Stockfish
0,00, deutlich besser ist 31.S3h4} Ng6 32. Qd3 a4? {ein grottenschlechter
Zug, warum wird hier einfach der B-Bauer hergeschenkt, danach ist die
Partie praktisch schon verloren, Stockfish -1,40} 33. Qxb5 {na klar, warum
auch nicht} a3?? {einfach idiotisch, der Bauer hat doch dort absolut keine
Zukunft, ja ein weit vorgerückter Freibauer, aber danach hat Weiss
natürlich 2 geschlossene Freibauern, Stockfish -2,20, deutlich besser ist
natürlich noch axb3} 34. c4 a2??? {spätestens danach ist alles aus,
Stockfish -4,00, deutlich besser ist noch Lc6 mit ca. -2,50} 35. c5 Ra8 36.
Ra1 Nc8 37. b4 Ra3 38. N3h4? {nicht optimal, deutlich besser ist Dc4+, aber
an dieser Stelle schon egal, ändert natürlich nichts an der klaren
Gewinnstellung von Weiss, Stockfish +3,00 (büsst aber ca. 1 Bauerneinheit
ein)} Nxh4 39. Qe8+? {ein unnötiges Zwischenschach, besser ist natürlich
einfach Sxh4, aber natürlich gewinnt auch das noch leicht, Stockfish +2,50}
Kh7 40. Nxh4??? {das ist dann allerdings schon ein Katastrophenzug, der
unglaublicherweise den gesamten Vorteil auf einen Schlag verschenkt,
Stockfish 0,00 !, nötig war gxh4 und Weiss gewinnt} Ne7 41. Qf7 Qd8 42.
Rxa2 Rxa2 43. Qxa2 Qd4 44. Bb1 Qxb4 45. Qc2 Nc6 46. Nf5 Qe1 47. Qb2???
{also das darf doch einfach nicht wahr sein, nun verliert Star Diamond gar
noch diese Partie, ein absoluter Verlustzug, danach ist die Partie sofort
verloren, Stockfish -6,00 !!, nötig war Da2, um den tödlichen Zug La6 !! zu
verhindern} Ba6 {Magellan sieht klaren Vorteil: +2,00} 48. Ne3??? {Novag
Star Diamond: -1,19, ein absoluter Katastrophenzug, der bereits ein Matt in
14 übersieht, aber gut das ist natürlich ausserhalb der Reichweite eines
Oldies, länger überlebt Kg2} Nd4 {Magellan: +5,3} 49. Kg2 {Star Diamond:
-4,23} Be2 {Magellan: +9,2} 50. Qxd4 {Novag Star Diamond: -11,88 ---->
aufgegeben / Matt in 7 / was für eine unnötige Niederlage für Star Diamond}
0-1
[/pgn]
[pgn]

[Event "Turnier 40 / 120"]
[Site "Wien"]
[Date "2023.10.07"]
[Round "6"]
[White "Mephisto Magellan – 20 MHZ"]
[Black "Novag Star Diamond – 25 MHZ"]
[Result "1/2-1/2"]
[BlackElo "2161"]
[WhiteElo "2233"]

{Analyse ------> Stockfish 16} 1. e4 e5 2. Bc4 Nf6 3. d4 exd4 4. Nf3 Nc6 5.
O-O Nxe4 6. Re1 d5 7. Bxd5 Qxd5 8. Nc3 Qa5 9. Nxe4 Be6 10. Bd2 Bb4 11. Nxd4
Nxd4 12. c3 {Buchende} O-O 13. cxb4 {Buchbewertung Mephisto Magellan: 0,0}
Qd5 14. Rc1 b6 15. Rxc7 Rad8 {Buchende} 16. Rxa7 Nc6 {Buchbewertung Novag
Star Diamond: -1,11 / viel zu pessimistisch, lt. Stockfish ist die Stellung
im Lot} 17. Rb7 {danach kann Schwarz bereits ein Remis erzwingen, nach Lf5,
Sg3, Lh3 !, Se4, Lf5 usw. bleibt Weiss nur noch eine Stellungswiederholung,
trotzdem kein schlechter Zug, auch andere Züge sind nicht besser, Stockfish
bewertet jede Fortsetzung mit 0,00, egal ob Tc7, Ta6, oder Ta3} Ne5
{gleichwertig mit Lf5 oder auch Sxb4, auch der Textzug führt zum Remis,
Stockfish 0,00} 18. Rxb6?? {ein ganz kurzsichtiger Zug, der nur
vorübergehenden Materialgewinn bringt, da bekommt Weiss vorläufig Läufer
und 3 Bauern für einen Turm, strategisch gesehen aber bereits ein
Verlustzug, diese Gier ist tödlich, Stockfish -1,70, nötig war Ta7 und
Weiss hätte sich mit einem Remis durch Stellungswiederholung begnügen
sollen, dafür reicht aber einfach die Rechentiefe von Magellan nicht aus,
um das zu erkennen.} Nc4 19. Rxe6 fxe6?? {ein ganz schlechter Zug, der den
gesamten Vorteil verschenkt, die Stellung ist wieder im Lot, nötig war
natürlich Dxe6 (leider verwirft das Star Diamond noch im letzten Moment
nach 10 Minuten Bedenkzeit, sieht er sich mit dem Textzug hauchdünn mit
+0,07 im Vorteil, zuvor hatte er Dxe6 mit -0,23 bewertet, also um -0,30
schlechter, ein Irrtum !} 20. Re2 Rf4 21. Qe1 {nicht optimal, danach ist
Schwarz leicht im Vorteil, Stockfish -0,40, besser ist Db1 mit Ausgleich}
Rxe4 22. Rxe4 {ungenau, danach ist die Partie bereits Remis, Stockfish
0,00, leichten Vorteil versprach Sxd2} Qxd2 23. Rxe6 Qxe1+ 24. Rxe1 Nxb2
25. h3 Rb8 26. a3 Nc4 27. Ra1 Kf7 28. Ra2 Ke6 29. Kh2 Kd5 30. Ra1 Rb6 31.
Kg3 Kc6 32. Kf3 Kb5 {die Partie ist Remis, das kann Weiss mit a4+ sichern,
nach Kxb4, Tb1+ kann Weiss den Turm b6 tauschen und dann mit dem König auf
die Schwarzen Bauern losstürmen mittels Ke4-e5 usw. und kassiert diese
letztlich ab, realistisch gesehen muss man aber sagen für einen Oldie ist
diese Stellung mit Weiss nur schwer zu halten, denn die nötige Rechentiefe
dafür ist schlicht und ergreifend unerreichbar.} 33. Ke4 {aber man muss
sagen auch das genügt zum Remis, Stockfish immer noch 0,00, Magellan
allerdings bereits -1,8} Ra6 34. Rd1 {Magellan: -2,2, die Stellung ist
immer noch Remis} Re6+ 35. Kf3 Rd6 {besser ist Te7, nach dem Textzug hat
Schwarz bereits alle Gewinnchancen verspielt, nach dem Turmtausch ist das
Remis fixiert} 36. Rxd6 {Magellan macht den richtigen Zug, hat aber noch
keine Ahnung von seinen Remischancen: Bewertung: -2,1} Nxd6 {Novag Star
Diamond: +3,07 sieht sich schon als sicheren Sieger} 37. Kf4 Nc4 {Star
Diamond wird deutlich vorsichtiger: +1,38} 38. h4 {Magellan: -2,0} Nxa3
{Star Diamond: +1,46} 39. Ke5 {Magellan: -2,1} Nc2 {Star Diamond: +1,30}
40. Ke6 {Magellan: -2,1} g6 {Star Diamond erkennt das Remis: 0,00} 41. Kf6
{Magellan: -1,5} Nxb4 42. Kg7 {Magellan: -0,6} Nc6 43. Kxh7 {Magellan:
-0,2} Ne7 44. g4 {Magellan: 0,0} Kc6 45. Kg7 Kd6??? {ein absoluter
Verlustzug, danach ist die Partie sofort verloren, Stockfish -96,00 !,
nötig war Kd7 und es ist Remis} 46. Kf6 Nd5+ 47. Kxg6 Ke7 48. h5 Kf8 49. h6
Nf4+ 50. Kf5 Nd3 51. f4 {Stockfish Matt in 32} Kg8 52. g5 Kh7 53. Kg4 Kg6
54. f5+ Kh7 {Matt in 31, allerdings für einen Oldie birgt auch diese
Stellung noch Gefahren, es gibt auch Züge, die nur Remis sind, z.B Kf3 oder
Kh3, erledigt ist das noch nicht, ein Matt in 31 ist ja illusorisch für
einen Oldie} 55. Kf3??? {und schon ist es passiert, Remis !!, aber wie soll
Magellan das auch erkennen und vom Gewinnzug Kg3 unterscheiden, also so
mancher Hobbyspieler könnte hier den selben Fehler machen, Schach ist eben
ein schwieriges Spiel, hier will ich aber nicht zu streng sein, zwar ein
Megabock der alles verschenkt, aber bei der nötigen Rechentiefe, naja}
Ne5+! {richtig, der einzige Zug, der das Remis sichert} 56. Kf4 Nf7 57. g6+
Kxh6 58. gxf7 Kg7 59. f8=N {LOL, nimmt die Figur mit dem geringsten Wert,
na klar ist ja am Unwahrscheinlichsten dass die genommen wird, nicht wahr,
na der hat echt Humor} Kxf8 {Userentscheid Remis, ja beide Geräte kennen
die Oppositionsregel.} 1/2-1/2
[/pgn]
[pgn]